Normal view MARC view

Entry Personal Name

Number of records used in: 1

001 - CONTROL NUMBER

  • control field: 10027

003 - CONTROL NUMBER IDENTIFIER

  • control field: DLC

005 - DATE AND TIME OF LATEST TRANSACTION

  • control field: 20231205104248.0

008 - FIXED-LENGTH DATA ELEMENTS

  • fixed length control field: 181208n| azannaabn |a aaa

010 ## - LIBRARY OF CONGRESS CONTROL NUMBER

  • LC control number: n 2018246406

040 ## - CATALOGING SOURCE

  • Original cataloging agency: DLC
  • Language of cataloging: eng
  • Description conventions: rda
  • Transcribing agency: DLC

100 1# - HEADING--PERSONAL NAME

  • Personal name: Lalita Ke. Pi.

370 ## - ASSOCIATED PLACE

  • Place of residence/headquarters: Bangalore (India)
  • Source of term: naf

372 ## - FIELD OF ACTIVITY

  • Field of activity: College teaching
  • Source of term: lcsh

373 ## - ASSOCIATED GROUP

  • Associated group: B.M.S. Womens' College (Bangalore, India)

374 ## - OCCUPATION

  • Occupation: University and college faculty members
  • Source of term: lcdgt

375 ## - GENDER

  • Gender: Females
  • Source of term: lcdgt

377 ## - ASSOCIATED LANGUAGE

  • Language code: kan
  • Language code: dra

400 1# - SEE FROM TRACING--PERSONAL NAME

  • Personal name: Ke. Pi., Lalita

400 1# - SEE FROM TRACING--PERSONAL NAME

  • Personal name: Pi., Lalita Ke.

400 1# - SEE FROM TRACING--PERSONAL NAME

  • Personal name: Lalitha, K. P.

400 1# - SEE FROM TRACING--PERSONAL NAME

  • Personal name: Kaḷḷicaṇḍa, Raśmi Nañjappa

400 0# - SEE FROM TRACING--PERSONAL NAME

  • Personal name: Raśmi Nañjappa Kaḷḷicaṇḍa

400 1# - SEE FROM TRACING--PERSONAL NAME

  • Personal name: Kallichanda, Rashmi Nanjappa

400 0# - SEE FROM TRACING--PERSONAL NAME

  • Personal name: Rashmi Nanjappa Kallichanda

670 ## - SOURCE DATA FOUND

  • Source citation: "Virājapēṭe tālūkina sthaḷanāmagaḷa adhyayana", 2015:
  • Information found: title page (Ḍā. Lalita Ke. Pi., variant: Raśmi Nañjappa Kaḷḷicaṇḍa) title page verso (Dr. Lalitha K.P. variant: Rashmi Nanjappa Kallichanda) page 5 (professor at B.M.S. Womens' College, Basavanagudi, Bengaluru)

Powered by Koha